| 000 | 01386nam a22003257a 4500 | ||
|---|---|---|---|
| 003 | OSt | ||
| 005 | 20250711154256.0 | ||
| 008 | 211209b2005 sp a|||br|||| 00| f spa d | ||
| 020 | _a9584212427 | ||
| 040 |
_aCO-JMCR _cCO-JMCR |
||
| 041 | 1 |
_aspa _hita |
|
| 082 | 0 | 4 |
_aN _bSTIu _223 |
| 100 | 1 |
_aStilton, Geronimo, _eautor _98224 |
|
| 245 | 1 | 0 |
_aUn disparatado viaje a Ratikistán / _cGeronimo Stilton ; ilustraciones de Larry Keys ; traducción, Manuel Manzano |
| 250 | _bPrimera edición | ||
| 260 |
_aBogotá : _bEditorial Planeta, _c2005 |
||
| 300 |
_a117 páginas : _bilustraciones a color ; _c20 cm. |
||
| 500 | _aTítulo original: un camper color formaggio | ||
| 520 | 3 | _aOdio viajar. ¿Qué hago entonces aquí, en Ratikistán, a cuarenta grados bajo cero, con toda mi familia en una casa rodante color queso? Todo ha sido por culpa de mi abuelo, Torcuato Revoltoso, el fundador de la editorial…. | |
| 546 | _aTraducido del italiano. | ||
| 650 | 1 | 4 |
_aNovela infantil italiana --Siglo xx _941808 |
| 650 | 2 | 4 |
_aLiteratura infantil italiana --Siglo xx _941809 |
| 650 | 2 | 4 |
_aRatones en la literatura _911714 |
| 650 | 2 | 4 |
_aViajes en la literatura _910007 |
| 650 | 2 | 4 |
_aHistorias de aventuras _941810 |
| 650 | 2 | 4 |
_aPeriodismo en la literatura _941811 |
| 700 | 1 |
_aKeys, Larry, _eilustrador _941812 |
|
| 700 | 1 |
_aManzano, Manuel, _etraductor _98228 |
|
| 942 |
_2ddc _cBK |
||
| 999 |
_c15648 _d15648 |
||